Daňové zaťaženie podnikateľských subjektov a jeho dopad na informácie z účtovníctva

Identifikácia vybraných zmien, ktoré priniesli ostatné novely zákona č. 595/2003 Z.z. o dani z príjmov v znení neskorších predpisov účinné od 1. januára 2018.

Salvato in:
Dettagli Bibliografici
Autore principale: Vašeková, Miroslava, 1978-
Altri autori: Mateášová, Martina, 1979-
Natura: Capitolo di libro
Lingua:slovacco
Soggetti:
Tags: Aggiungi Tag
Nessun Tag, puoi essere il primo ad aggiungerne!!

MARC

LEADER 00000naa a2200000 4500
001 0241675
005 20240502073933.5
041 0 |a slo 
044 |a SK 
245 1 0 |a Daňové zaťaženie podnikateľských subjektov a jeho dopad na informácie z účtovníctva  |c Miroslava Vašeková, Martina Mateášová 
520 |a Identifikácia vybraných zmien, ktoré priniesli ostatné novely zákona č. 595/2003 Z.z. o dani z príjmov v znení neskorších predpisov účinné od 1. januára 2018. 
610 2 0 |a zaťaženie daňové 
610 2 0 |a novelizácia 
610 2 0 |a zákony 
610 2 0 |a Slovensko 
610 2 0 |a podnikatelia 
610 2 0 |a dane z príjmov 
100 1 |a Vašeková, Miroslava, 1978- 
700 1 |a Mateášová, Martina, 1979-